[Event "RUS-chT Rapid"]
[Site "Sochi"]
[Date "2023.10.19"]
[Round "7.5"]
[White "Alekseev, Evgeny V"]
[Black "Deviatkin, Andrei"]
[Result "1-0"]
[WhiteElo "2573"]
[BlackElo "2442"]
[PlyCount "69"]
[EventDate "2023.10.18"]
[EventType "team-swiss (rapid)"]
[EventRounds "9"]
[EventCountry "RUS"]
[SourceTitle "CBM 216 Extra"]
[Source "ChessBase"]
[SourceDate "2023.11.30"]
[SourceVersion "1"]
[SourceVersionDate "2023.11.30"]
[SourceQuality "1"]
[WhiteTeam "St Petersburg SShOR"]
[BlackTeam "Moscow Region Kuban"]
[WhiteTeamCountry "RUS"]
[BlackTeamCountry "RUS"]

1. e4 c6 2. d4 d5 3. exd5 cxd5 4. Bd3 Nc6 5. c3 Nf6 6. Bf4 Bg4 7. Qb3 Qc8 8. Nd2 e6 9. Ngf3 Be7 10. 0-0 Bh5 11. Rae1 Bg6 12. Bxg6 hxg6 13. Qc2 b5 14. Qd3 b4 15. Ng5 bxc3 16. bxc3 Kf8 17. Ndf3 Nh7 18. Nxh7+ Rxh7 19. Rb1 Kg8 20. Rfc1 Na5 21. Nd2 Rh5 22. g4 Rh8 23. Rb5 Bd8 24. c4 Nxc4 25. Nxc4 dxc4 26. Qxc4 Qxc4 27. Rxc4 Bb6 28. a4 Rd8 29. Be3 Rh4 30. h3 Rd7 31. a5 Bd8 32. Rc8 Rh8 33. a6 Kh7 34. Rb7 Rd6 35. Rxa7 1-0

[Event "RUS-chT Rapid"]
[Site "Sochi"]
[Date "2023.10.18"]
[Round "4.21"]
[White "Deviatkin, Andrei"]
[Black "Belyakov, Bogdan"]
[Result "1/2-1/2"]
[WhiteElo "2442"]
[BlackElo "2418"]
[PlyCount "70"]
[EventDate "2023.10.18"]
[EventType "team-swiss (rapid)"]
[EventRounds "9"]
[EventCountry "RUS"]
[SourceTitle "CBM 216 Extra"]
[Source "ChessBase"]
[SourceDate "2023.11.30"]
[SourceVersion "1"]
[SourceVersionDate "2023.11.30"]
[SourceQuality "1"]
[WhiteTeam "Moscow Region Kuban"]
[BlackTeam "Qmal QNAO"]
[WhiteTeamCountry "RUS"]
[BlackTeamCountry "RUS"]

1. d4 Nf6 2. Nf3 g6 3. Bg5 Bg7 4. e3 0-0 5. h3 c5 6. c3 d6 7. Nbd2 Nbd7 8. a4 b6 9. Bc4 a6 10. 0-0 Bb7 11. Qe2 Re8 12. Rfd1 Qc7 13. Bb3 e5 14. dxe5 Nxe5 15. Nxe5 Rxe5 16. Bf4 Ree8 17. Nc4 Qc6 18. Qf1 d5 19. Nd6 Red8 20. Nxb7 Qxb7 21. Qe2 b5 22. Bg5 bxa4 23. Bxa4 h6 24. Bxf6 Bxf6 25. Qf3 Kg7 26. Rd2 Rab8 27. Rad1 d4 28. Qxb7 Rxb7 29. cxd4 cxd4 30. b3 Rb6 31. exd4 Rd5 32. g3 Rbd6 33. Kg2 Rxd4 34. Rxd4 Rxd4 35. Rxd4 Bxd4 1/2-1/2

[Event "RUS-chT Blitz"]
[Site "Sochi"]
[Date "2023.10.17"]
[Round "5.15"]
[White "Deviatkin, Andrei"]
[Black "Pingin, Artem"]
[Result "1/2-1/2"]
[WhiteElo "2442"]
[BlackElo "2398"]
[PlyCount "144"]
[EventDate "2023.10.17"]
[EventType "team-swiss (blitz)"]
[EventRounds "13"]
[EventCountry "RUS"]
[SourceTitle "CBM 216 Extra"]
[Source "ChessBase"]
[SourceDate "2023.11.30"]
[SourceVersion "1"]
[SourceVersionDate "2023.11.30"]
[SourceQuality "1"]
[WhiteTeam "Moscow Region Kuban"]
[BlackTeam "Sverdlovsk Region Malakhit"]
[WhiteTeamCountry "RUS"]
[BlackTeamCountry "RUS"]

1. d4 Nf6 2. Nf3 d5 3. c3 Bf5 4. Qb3 Qc8 5. Bf4 e6 6. e3 Nbd7 7. h3 Be7 8. Nbd2 h6 9. Be2 0-0 10. c4 a5 11. a3 a4 12. Qc3 c5 13. 0-0 Bh7 14. Rac1 dxc4 15. Qxc4 Nd5 16. Bg3 cxd4 17. Nxd4 Qxc4 18. Nxc4 Nc5 19. Bd6 Bxd6 20. Nxd6 b6 21. Rfd1 Rfd8 22. Nc4 Rac8 23. Ne5 f6 24. Nec6 Rd6 25. Nb4 Rcd8 26. Bc4 Nc7 27. Re1 Kf8 28. f4 Be4 29. Kh2 h5 30. Kg3 g6 31. Re2 Kg7 32. h4 e5 33. fxe5 fxe5 34. Nf3 Re8 35. Rd2 Bxf3 36. Rxd6 Ne4+ 37. Kxf3 Nxd6 38. Ba2 Ncb5 39. Rc6 Rf8+ 40. Ke2 Ne4 41. Bd5 Nbd6 42. Bxe4 Nxe4 43. Kd3 Nc5+ 44. Kc4 Ne4 45. Kd5 Nf2 46. Kxe5 Ng4+ 47. Kd4 Rd8+ 48. Nd5 Nxe3 49. Kxe3 Rxd5 50. Rxb6 Ra5 51. Rb4 Kf6 52. Kf4 Ra6 53. g3 Ra5 54. Rb6+ Kf7 55. Ke4 Rc5 56. Rb4 Ra5 57. Kd4 Kf6 58. Kc4 Re5 59. Rb6+ Kg7 60. Rb4 Re3 61. Rxa4 Rxg3 62. Kb5 Rb3+ 63. Kc5 Rxb2 64. Rc4 g5 65. hxg5 Kg6 66. a4 Kxg5 67. a5 Ra2 68. Kb6 h4 69. a6 h3 70. a7 h2 71. Rc1 Kg4 72. Kb7 Kg3 1/2-1/2

[Event "RUS-chT Blitz"]
[Site "Sochi"]
[Date "2023.10.17"]
[Round "10.11"]
[White "Deviatkin, Andrei"]
[Black "Shubin, Kirill"]
[Result "1-0"]
[WhiteElo "2442"]
[BlackElo "2440"]
[PlyCount "107"]
[EventDate "2023.10.17"]
[EventType "team-swiss (blitz)"]
[EventRounds "13"]
[EventCountry "RUS"]
[SourceTitle "CBM 216 Extra"]
[Source "ChessBase"]
[SourceDate "2023.11.30"]
[SourceVersion "1"]
[SourceVersionDate "2023.11.30"]
[SourceQuality "1"]
[WhiteTeam "Moscow Region Kuban"]
[BlackTeam "St Petersburg SShOR"]
[WhiteTeamCountry "RUS"]
[BlackTeamCountry "RUS"]

1. d4 Nf6 2. Nf3 e6 3. Bg5 h6 4. Bh4 g5 5. Bg3 b6 6. h3 Bb7 7. Nbd2 d6 8. e3 Nbd7 9. Bd3 Rg8 10. Qe2 h5 11. e4 g4 12. hxg4 hxg4 13. Nh2 Nh5 14. Nhf1 Nxg3 15. Nxg3 Qg5 16. 0-0-0 0-0-0 17. Kb1 Bg7 18. c3 Rh8 19. Ba6 Kb8 20. Bxb7 Kxb7 21. Qe3 Qg6 22. Qe2 Bh6 23. a4 Bf4 24. Ka2 Qg5 25. Nb3 a6 26. Qd3 Bxg3 27. Qxg3 Nf6 28. Qd3 Qf4 29. f3 gxf3 30. gxf3 Rxh1 31. Rxh1 Rg8 32. a5 b5 33. c4 c6 34. cxb5 cxb5 35. Rc1 Rc8 36. Rxc8 Kxc8 37. Qc3+ Kb7 38. Nc1 Nd7 39. Nd3 Qf6 40. Nb4 Nb8 41. Ka3 Qd8 42. Nd3 Nc6 43. b4 f6 44. d5 exd5 45. exd5 Ne5 46. Nxe5 fxe5 47. Qc6+ Ka7 48. Kb3 Qb8 49. Qd7+ Ka8 50. Kb2 Qa7 51. Qc8+ Qb8 52. Qxa6+ Qa7 53. Qxa7+ Kxa7 54. Kc2 1-0

[Event "RUS-chT Blitz"]
[Site "Sochi"]
[Date "2023.10.17"]
[Round "12.11"]
[White "Deviatkin, Andrei"]
[Black "Timerkhanov, Alexander"]
[Result "1-0"]
[WhiteElo "2442"]
[BlackElo "2336"]
[PlyCount "89"]
[EventDate "2023.10.17"]
[EventType "team-swiss (blitz)"]
[EventRounds "13"]
[EventCountry "RUS"]
[SourceTitle "CBM 216 Extra"]
[Source "ChessBase"]
[SourceDate "2023.11.30"]
[SourceVersion "1"]
[SourceVersionDate "2023.11.30"]
[SourceQuality "1"]
[WhiteTeam "Moscow Region Kuban"]
[BlackTeam "St Petersburg SShOR II"]
[WhiteTeamCountry "RUS"]
[BlackTeamCountry "RUS"]

1. d4 d5 2. Nf3 Nf6 3. c3 g6 4. Bg5 Bg7 5. Nbd2 0-0 6. e3 b6 7. Bd3 Bb7 8. 0-0 Nbd7 9. Qb1 c5 10. a4 Re8 11. a5 e5 12. Bb5 exd4 13. cxd4 a6 14. Be2 c4 15. axb6 Qxb6 16. Rc1 Rac8 17. h3 Ba8 18. Ra2 Rb8 19. Bf4 h6 20. Qc2 Rbc8 21. Qc3 Bb7 22. Rb1 Nb8 23. b3 cxb3 24. Qxb3 Qxb3 25. Rxb3 Bc6 26. Bxa6 Nxa6 27. Rxa6 Ne4 28. Nxe4 dxe4 29. Ne5 Bd5 30. Rb1 g5 31. Bg3 Ra8 32. Rba1 Rxa6 33. Rxa6 h5 34. h4 gxh4 35. Bf4 Rc8 36. Rd6 Be6 37. d5 Bf5 38. Rc6 Re8 39. Nc4 Rd8 40. d6 Be6 41. Na5 Ra8 42. Rc5 Bf6 43. Rxh5 Rc8 44. Be5 Bd8 45. Rf5 1-0

[Event "RUS-chT Blitz"]
[Site "Sochi"]
[Date "2023.10.17"]
[Round "9.7"]
[White "Zakhartsov, Vladimir"]
[Black "Deviatkin, Andrei"]
[Result "1-0"]
[WhiteElo "2523"]
[BlackElo "2442"]
[PlyCount "40"]
[EventDate "2023.10.17"]
[EventType "team-swiss (blitz)"]
[EventRounds "13"]
[EventCountry "RUS"]
[SourceTitle "CBM 216 Extra"]
[Source "ChessBase"]
[SourceDate "2023.11.30"]
[SourceVersion "1"]
[SourceVersionDate "2023.11.30"]
[SourceQuality "1"]
[WhiteTeam "Moscow MGFSO"]
[BlackTeam "Moscow Region Kuban"]
[WhiteTeamCountry "RUS"]
[BlackTeamCountry "RUS"]

1. d4 d5 2. c4 c6 3. e3 Nf6 4. Nc3 g6 5. Nf3 Bg7 6. Be2 0-0 7. 0-0 Bg4 8. cxd5 Nxd5 9. h3 Bf5 10. Qb3 Nb6 11. e4 Be6 12. Qc2 Bc4 13. Be3 Bxe2 14. Qxe2 N8d7 15. e5 e6 16. Bg5 Qc7 17. Rac1 Nd5 18. Ne4 h6 19. Bd2 Rad8 20. Nh2 f6 1-0

[Event "RUS-ch Rapid"]
[Site "Sochi"]
[Date "2023.10.15"]
[Round "3"]
[White "Isaev, Anton"]
[Black "Deviatkin, Andrei"]
[Result "1-0"]
[WhiteElo "2156"]
[BlackElo "2442"]
[PlyCount "95"]
[EventDate "2023.10.15"]
[EventType "swiss (rapid)"]
[EventRounds "11"]
[EventCountry "RUS"]
[SourceTitle "CBM 216 Extra"]
[Source "ChessBase"]
[SourceDate "2023.11.30"]
[SourceVersion "1"]
[SourceVersionDate "2023.11.30"]
[SourceQuality "1"]

1. d4 d5 2. c4 c6 3. cxd5 cxd5 4. Bf4 Nc6 5. e3 Nf6 6. Bb5 Bg4 7. f3 Bd7 8. Nc3 e6 9. g4 a6 10. Bd3 Bb4 11. Nge2 Qe7 12. a3 Bd6 13. Bxd6 Qxd6 14. g5 Ng8 15. f4 Nge7 16. Ng3 h6 17. h4 hxg5 18. hxg5 Rxh1+ 19. Nxh1 0-0-0 20. Ng3 f6 21. gxf6 gxf6 22. Qe2 e5 23. Qf2 Kb8 24. 0-0-0 e4 25. Bb1 Rc8 26. Ba2 Na5 27. Kb1 Bb5 28. Nxb5 axb5 29. Qd2 Nc4 30. Bxc4 bxc4 31. Ne2 Nf5 32. Rh1 Rg8 33. Rh7 Qb6 34. Rh5 Qe6 35. Ka2 Rc8 36. Nc3 Nd6 37. Rxd5 Rh8 38. f5 Qe7 39. Qf2 Qc7 40. Qf4 Nc8 41. Qxc7+ Kxc7 42. Nxe4 Re8 43. Rc5+ Kb6 44. Nxf6 Rd8 45. Rxc4 Nd6 46. Rc5 Rh8 47. Nd7+ Ka7 48. Ra5# 1-0

[Event "Airthings Masters Play In"]
[Site "Chess.com INT"]
[Date "2023.02.03"]
[Round "2"]
[White "Harsha, Bharathakoti"]
[Black "Deviatkin, Andrei"]
[Result "1-0"]
[WhiteElo "2599"]
[BlackElo "2442"]
[PlyCount "73"]
[EventDate "2023.02.03"]
[EventType "swiss (rapid)"]
[EventRounds "9"]
[EventCountry "USA"]
[SourceTitle "CBM 212 Extra"]
[Source "ChessBase"]
[SourceDate "2023.03.31"]
[SourceVersion "1"]
[SourceVersionDate "2023.03.31"]
[SourceQuality "1"]

1. d4 d6 2. e4 Nf6 3. Nc3 e5 4. Nf3 Nbd7 5. Bc4 Be7 6. 0-0 0-0 7. Re1 c6 8. a4 b6 9. d5 Bb7 10. dxc6 Bxc6 11. Bg5 Rc8 12. Bxf6 Nxf6 13. Qd3 Bd7 14. Rad1 h6 15. Nh4 Kh7 16. Nf5 Bxf5 17. exf5 Kh8 18. Nd5 e4 19. Qb3 Rc5 20. Nxf6 Bxf6 21. Bd5 Be5 22. Bxe4 Qf6 23. c3 Re8 24. g3 d5 25. Bxd5 Rf8 26. Qc2 Rc7 27. Re3 Bd6 28. Rde1 Re7 29. Rxe7 Bxe7 30. Kg2 a5 31. Qe4 Bc5 32. Re2 Qd6 33. h4 Kg8 34. Bb3 Qc7 35. f6 Qc8 36. Qg6 Qb7+ 37. Kg1 1-0

[Event "Titled Tuesday intern op 7th July"]
[Site "Chess.com INT"]
[Date "2020.07.07"]
[Round "2"]
[White "Morefield, Jason P"]
[Black "Deviatkin, Andrei"]
[Result "0-1"]
[WhiteElo "2227"]
[BlackElo "2436"]
[PlyCount "118"]
[EventDate "2020.07.07"]
[EventType "swiss (blitz)"]
[EventRounds "10"]
[EventCountry "USA"]
[SourceTitle "CBM 197 Extra"]
[Source "ChessBase"]
[SourceDate "2020.09.30"]
[SourceVersion "1"]
[SourceVersionDate "2020.09.30"]
[SourceQuality "1"]

1. d4 d5 2. c4 c6 3. Nf3 Nf6 4. e3 Bf5 5. Nc3 e6 6. Nh4 Be4 7. f3 Bg6 8. Qb3 Qb6 9. Bd2 Nbd7 10. g3 Qxb3 11. axb3 Bc2 12. c5 Bxb3 13. f4 a6 14. Bd3 Be7 15. Ra3 Bc4 16. Bxc4 dxc4 17. Ra4 Nd5 18. Nf3 f5 19. Rxc4 Kf7 20. Ke2 Rag8 21. h4 g6 22. Ng5+ Bxg5 23. hxg5 h6 24. gxh6 Rh7 25. Kf3 N7f6 26. e4 Nxc3 27. bxc3 Nxe4 28. Be3 Rgh8 29. Rb4 Rxh6 30. Rxb7+ Kf6 31. Rxh6 Rxh6 32. c4 Rh3 33. Bf2 Rh2 34. Be1 g5 35. Rb6 g4+ 36. Ke3 Rh1 37. Ba5 Ra1 38. Rxa6 Ra3+ 39. Ke2 Nxg3+ 40. Kd1 Kf7 41. Ra7+ Kg6 42. Bb6 Rd3+ 43. Ke1 Rxd4 44. Rc7 Rxc4 45. Rxc6 Rxf4 46. Rxe6+ Kf7 47. Rd6 Rc4 48. c6 Ne4 49. Rd7+ Ke6 50. Rc7 g3 51. Rc8 Rc1+ 52. Ke2 g2 53. c7 g1Q 54. Bxg1 Kd7 55. Rb8 Kxc7 56. Ba7 Kc6 57. Rb6+ Kd5 58. Rb5+ Kc4 59. Rxf5 Nc3+ 0-1

[Event "Titled Tuesday intern op 7th July"]
[Site "Chess.com INT"]
[Date "2020.07.07"]
[Round "6"]
[White "Turgut, Aydin"]
[Black "Deviatkin, Andrei"]
[Result "0-1"]
[WhiteElo "2269"]
[BlackElo "2436"]
[PlyCount "82"]
[EventDate "2020.07.07"]
[EventType "swiss (blitz)"]
[EventRounds "10"]
[EventCountry "USA"]
[SourceTitle "CBM 197 Extra"]
[Source "ChessBase"]
[SourceDate "2020.09.30"]
[SourceVersion "1"]
[SourceVersionDate "2020.09.30"]
[SourceQuality "1"]

1. e4 c6 2. d4 d5 3. exd5 cxd5 4. Bd3 Nc6 5. c3 Nf6 6. h3 g6 7. Nf3 Bf5 8. Be2 Bg7 9. 0-0 0-0 10. Re1 Ne4 11. Nbd2 e5 12. dxe5 Nxe5 13. Nxe5 Bxe5 14. Nf3 Bc7 15. Be3 Re8 16. Nd4 Qd6 17. Nf3 Re7 18. Qb3 Ng3 19. Bb5 Nh5 20. Qb4 Qxb4 21. cxb4 Bd7 22. Bf1 b6 23. b5 Rae8 24. Red1 Ng3 25. Rxd5 Nxf1 26. Kxf1 Be6 27. Rd2 Bc4+ 28. Kg1 Bxb5 29. Nd4 Bd7 30. Rad1 f6 31. Ne2 Be6 32. Nc3 Kf7 33. Nd5 Bxd5 34. Rxd5 f5 35. g3 Bxg3 36. Bg5 Re1+ 37. Rxe1 Rxe1+ 38. Kg2 Be5 39. Rd7+ Ke6 40. Rxa7 h5 41. f4 Bd6 0-1

[Event "Wch Blitz"]
[Site "Moscow"]
[Date "2019.12.30"]
[Round "15"]
[White "Deviatkin, Andrei"]
[Black "Yanchenko, Roman"]
[Result "1/2-1/2"]
[WhiteElo "2436"]
[BlackElo "2463"]
[PlyCount "169"]
[EventDate "2019.12.29"]
[EventType "swiss (blitz)"]
[EventRounds "21"]
[EventCountry "RUS"]
[SourceTitle "CBM 193 Extra"]
[Source "ChessBase"]
[SourceDate "2020.01.31"]
[SourceVersion "1"]
[SourceVersionDate "2020.01.31"]
[SourceQuality "1"]

1. e4 e6 2. d4 d5 3. Nd2 c5 4. exd5 exd5 5. Ngf3 Nc6 6. Bb5 c4 7. 0-0 Bd6 8. Bxc6+ bxc6 9. b3 cxb3 10. axb3 Ne7 11. Ba3 Bxa3 12. Rxa3 0-0 13. Ne5 f6 14. Nd3 Ng6 15. Re1 Rf7 16. c3 Bf5 17. Nc5 Nf8 18. Nf1 Nd7 19. Ng3 Nxc5 20. dxc5 Bg6 21. b4 a5 22. Ne2 axb4 23. Rxa8 Qxa8 24. cxb4 Qa3 25. Qd2 Re7 26. Ng3 Rxe1+ 27. Qxe1 h5 28. h4 d4 29. Qe6+ Kh7 30. Qd7 Qxb4 31. Qxc6 Qe1+ 32. Kh2 d3 33. Qd7 d2 34. Nf5 Qe5+ 35. Ng3 Qf4 36. c6 Bf5 37. Qd5 Bg4 38. c7 Qxf2 39. Qd3+ f5 40. c8Q d1Q 41. Qxd1 Bxd1 42. Qxf5+ Qxf5 43. Nxf5 Kg6 44. Ne3 Bb3 45. Kg3 Kf6 46. Kf4 Be6 47. Nc2 Bd5 48. g3 g6 49. Nd4 Bb7 50. Nb5 Bc6 51. Nd6 Bd7 52. Ne4+ Kg7 53. Ke5 Bf5 54. Ng5 Bg4 55. Ne4 Bf5 56. Nd6 Bg4 57. Kf4 Bd7 58. Kg5 Bc6 59. Nc4 Be4 60. Ne5 Bb1 61. Nc6 Kf7 62. Nb4 Ke6 63. Nc6 Kd6 64. Nd4 Ke5 65. Ne2 Ke6 66. Nf4+ Kf7 67. Nd5 Ke6 68. Nc3 Bc2 69. Ne2 Bb1 70. Nd4+ Kf7 71. Nf3 Ke6 72. Nd4+ Kf7 73. Nb5 Ke6 74. Nc3 Bc2 75. Ne2 Bb1 76. Kf4 Kf6 77. Nc3 Bc2 78. Nd5+ Ke6 79. Ne3 Bb1 80. Kg5 Ke5 81. Ng2 Ke6 82. Nf4+ Kf7 83. Nd5 Ke6 84. Nc3 Bc2 85. Ne2 1/2-1/2

[Event "Wch Blitz"]
[Site "Moscow"]
[Date "2019.12.30"]
[Round "14"]
[White "Mamatov, Melis"]
[Black "Deviatkin, Andrei"]
[Result "0-1"]
[WhiteElo "2292"]
[BlackElo "2436"]
[PlyCount "60"]
[EventDate "2019.12.29"]
[EventType "swiss (blitz)"]
[EventRounds "21"]
[EventCountry "RUS"]
[SourceTitle "CBM 193 Extra"]
[Source "ChessBase"]
[SourceDate "2020.01.31"]
[SourceVersion "1"]
[SourceVersionDate "2020.01.31"]
[SourceQuality "1"]

1. e4 c6 2. d4 d5 3. Nd2 h6 4. Ngf3 dxe4 5. Nxe4 Bf5 6. Bd3 e6 7. Bf4 Bxe4 8. Bxe4 Nf6 9. Bd3 Bd6 10. Qd2 Bxf4 11. Qxf4 Nbd7 12. 0-0-0 Qa5 13. Kb1 Rf8 14. c4 0-0-0 15. Rhe1 Qc7 16. Qd2 c5 17. Qc3 cxd4 18. Nxd4 a6 19. Be2 Nc5 20. Bf3 Rd6 21. b4 Na4 22. Qb3 Rfd8 23. Nc2 Rxd1+ 24. Rxd1 Rxd1+ 25. Bxd1 Nb6 26. c5 Nbd5 27. g3 Qe5 28. Bf3 Ne4 29. Bxe4 Qxe4 30. Qe3 Nxe3 0-1

[Event "Wch Blitz"]
[Site "Moscow"]
[Date "2019.12.30"]
[Round "18"]
[White "Moiseenko, Vadim"]
[Black "Deviatkin, Andrei"]
[Result "1-0"]
[WhiteElo "2526"]
[BlackElo "2436"]
[PlyCount "161"]
[EventDate "2019.12.29"]
[EventType "swiss (blitz)"]
[EventRounds "21"]
[EventCountry "RUS"]
[SourceTitle "CBM 193 Extra"]
[Source "ChessBase"]
[SourceDate "2020.01.31"]
[SourceVersion "1"]
[SourceVersionDate "2020.01.31"]
[SourceQuality "1"]

1. e4 c6 2. d4 d5 3. exd5 cxd5 4. Bd3 Nc6 5. c3 Nf6 6. Bf4 Bg4 7. Qb3 Qc8 8. Nd2 e6 9. Ngf3 Be7 10. h3 Bh5 11. 0-0 Bg6 12. Bxg6 hxg6 13. Rae1 0-0 14. Ne5 Nxe5 15. Bxe5 Qc6 16. Re3 b5 17. Nf3 a5 18. Nd2 b4 19. Rc1 Rfc8 20. Qd1 Qb5 21. h4 bxc3 22. bxc3 Rc6 23. Rb1 Qa6 24. Rh3 Qc8 25. h5 Rxc3 26. hxg6 Rxh3 27. gxf7+ Kxf7 28. gxh3 Qh8 29. Kg2 Qh7 30. Rb7 Qg6+ 31. Kh2 Re8 32. Qf3 Kg8 33. Ra7 Ne4 34. Nxe4 dxe4 35. Qg3 Qxg3+ 36. Kxg3 Bf6 37. Rxa5 Rf8 38. a4 Bxe5+ 39. Rxe5 Rf3+ 40. Kg2 Ra3 41. Rxe6 Rxa4 42. Rxe4 Kf7 43. h4 Kf6 44. f3 Kf5 45. Kg3 g6 46. Re5+ Kf6 47. Rd5 Ke6 48. Re5+ Kf6 49. Re4 Ra1 50. Rf4+ Ke6 51. Rg4 Kf6 52. Kf4 Re1 53. Rg2 Rh1 54. Rg4 Re1 55. d5 Rd1 56. Ke4 Rd2 57. Rf4+ Ke7 58. Ke5 Rd1 59. Rg4 Re1+ 60. Re4 Rd1 61. Re2 Rd3 62. f4 Rd1 63. Re3 Rd2 64. Rg3 Re2+ 65. Kd4 Rf2 66. Ke3 Rh2 67. Rxg6 Rxh4 68. Ke4 Rh1 69. Ra6 Rf1 70. Kf5 Rf2 71. Re6+ Kd7 72. Re1 Kd6 73. Kg5 Kxd5 74. f5 Rg2+ 75. Kf6 Kd6 76. Kf7 Kd7 77. f6 Rg3 78. Rd1+ Kc8 79. Kf8 Kc7 80. f7 Rg2 81. Rd4 1-0

[Event "Wch Blitz"]
[Site "Moscow"]
[Date "2019.12.29"]
[Round "12"]
[White "Bologan, Viktor"]
[Black "Deviatkin, Andrei"]
[Result "1-0"]
[WhiteElo "2574"]
[BlackElo "2436"]
[PlyCount "85"]
[EventDate "2019.12.29"]
[EventType "swiss (blitz)"]
[EventRounds "21"]
[EventCountry "RUS"]
[SourceTitle "CBM 193 Extra"]
[Source "ChessBase"]
[SourceDate "2020.01.31"]
[SourceVersion "1"]
[SourceVersionDate "2020.01.31"]
[SourceQuality "1"]

1. e4 c6 2. Nf3 d5 3. Nc3 Bg4 4. Be2 e6 5. h3 Bh5 6. d4 dxe4 7. Nxe4 Nd7 8. Bf4 Ndf6 9. Ng3 Bxf3 10. Bxf3 Bd6 11. Be3 Qc7 12. Ne4 Nxe4 13. Bxe4 Nf6 14. Bf3 Bf4 15. Qd2 Bxe3 16. fxe3 e5 17. c3 e4 18. Bd1 0-0-0 19. 0-0 h5 20. Qf2 h4 21. Bb3 Rd7 22. Qf4 Re7 23. Rae1 Qxf4 24. Rxf4 Nd5 25. Rf5 g6 26. Rg5 Rd8 27. Rg4 f5 28. Rxg6 f4 29. Bxd5 cxd5 30. exf4 Rf7 31. Rg4 Rh8 32. Kf2 Rf5 33. Ke3 Rhf8 34. Rxh4 R8f7 35. Rf1 Kd7 36. g4 R5f6 37. f5 Rb6 38. Rf2 Ra6 39. a3 Ke7 40. g5 Rb6 41. f6+ Ke6 42. Rhf4 Rh7 43. h4 1-0

[Event "Wch Blitz"]
[Site "Moscow"]
[Date "2019.12.29"]
[Round "8"]
[White "Deviatkin, Andrei"]
[Black "Hansen, Eric"]
[Result "1-0"]
[WhiteElo "2436"]
[BlackElo "2606"]
[PlyCount "118"]
[EventDate "2019.12.29"]
[EventType "swiss (blitz)"]
[EventRounds "21"]
[EventCountry "RUS"]
[SourceTitle "CBM 193 Extra"]
[Source "ChessBase"]
[SourceDate "2020.01.31"]
[SourceVersion "1"]
[SourceVersionDate "2020.01.31"]
[SourceQuality "1"]

1. e4 c5 2. c3 Nf6 3. e5 Nd5 4. d4 cxd4 5. Qxd4 e6 6. Nf3 Nc6 7. Qe4 f5 8. Qe2 b6 9. g3 a5 10. Bg2 Ba6 11. c4 Bb4+ 12. Bd2 Rc8 13. 0-0 0-0 14. b3 Nde7 15. Nc3 Ng6 16. Rad1 Qc7 17. Rfe1 Bc5 18. Bc1 h6 19. Nb5 Bxb5 20. cxb5 Nb4 21. h4 Nd5 22. Bb2 Bb4 23. Rc1 Qb8 24. Red1 Rxc1 25. Rxc1 Rc8 26. Rc4 Rc7 27. a3 Bc3 28. Bxc3 Nxc3 29. Qd3 Ne4 30. Qd4 Rxc4 31. bxc4 Qc7 32. h5 Ne7 33. Ne1 Nc5 34. Nc2 g6 35. hxg6 Nxg6 36. f4 Kf7 37. Ne3 h5 38. Kf2 Nb3 39. Qc3 Nc5 40. Qd4 h4 41. Bf1 hxg3+ 42. Kxg3 Qd8 43. Ng2 Qg8 44. Kf2 Qf8 45. Ke1 Qe7 46. Be2 Nh4 47. Ne3 Kf8 48. Kd1 Ng6 49. Bh5 Nh8 50. Bf3 Nf7 51. Kc2 Qh4 52. Ng2 Qg3 53. Qd1 Qf2+ 54. Qe2 Qd4 55. Nh4 Ke8 56. Ng6 Qa1 57. Qe3 Qa2+ 58. Kd1 Qa1+ 59. Ke2 Qh1 1-0

[Event "Wch Rapid"]
[Site "Moscow"]
[Date "2019.12.27"]
[Round "7"]
[White "Deviatkin, Andrei"]
[Black "Gundavaa, Bayarsaihan"]
[Result "1-0"]
[WhiteElo "2436"]
[BlackElo "2489"]
[PlyCount "107"]
[EventDate "2019.12.26"]
[EventType "swiss (rapid)"]
[EventRounds "15"]
[EventCountry "RUS"]
[SourceTitle "CBM 193 Extra"]
[Source "ChessBase"]
[SourceDate "2020.01.31"]
[SourceVersion "1"]
[SourceVersionDate "2020.01.31"]
[SourceQuality "1"]

1. d4 Nf6 2. Nf3 d5 3. c4 e6 4. g3 Bb4+ 5. Bd2 Bd6 6. Bg2 c6 7. Qc2 Nbd7 8. 0-0 0-0 9. Bg5 h6 10. Bxf6 Nxf6 11. Nbd2 b6 12. e4 Be7 13. cxd5 cxd5 14. e5 Nd7 15. Rfc1 Nb8 16. Bf1 Bd7 17. a3 Nc6 18. Ba6 Rb8 19. Bd3 Rc8 20. Qd1 Rc7 21. Rc3 Na5 22. Rxc7 Qxc7 23. Rc1 Qb7 24. b4 Nc6 25. Nb3 f5 26. exf6 Bxf6 27. b5 Ne7 28. Ne5 Bxe5 29. dxe5 Rc8 30. Nd4 Rc5 31. Nb3 Rc7 32. a4 Qc8 33. Rc2 Be8 34. Qc1 Rxc2 35. Qxc2 Qxc2 36. Bxc2 Bg6 37. Bxg6 Nxg6 38. f4 Nf8 39. Nd4 Kf7 40. Kf2 Nd7 41. Nb3 g5 42. Ke3 Kg6 43. a5 gxf4+ 44. gxf4 bxa5 45. Nxa5 Kf5 46. Nc6 Nb6 47. Nd4+ Kg4 48. Nxe6 h5 49. Ng7 Nc4+ 50. Kd4 Kxf4 51. e6 Nd6 52. e7 Nxb5+ 53. Kxd5 Kg5 54. Ne6+ 1-0

[Event "Wch Rapid"]
[Site "Moscow"]
[Date "2019.12.26"]
[Round "5"]
[White "Deviatkin, Andrei"]
[Black "Piorun, Kacper"]
[Result "0-1"]
[WhiteElo "2436"]
[BlackElo "2611"]
[PlyCount "152"]
[EventDate "2019.12.26"]
[EventType "swiss (rapid)"]
[EventRounds "15"]
[EventCountry "RUS"]
[SourceTitle "CBM 193 Extra"]
[Source "ChessBase"]
[SourceDate "2020.01.31"]
[SourceVersion "1"]
[SourceVersionDate "2020.01.31"]
[SourceQuality "1"]

1. d4 f5 2. Nh3 Nf6 3. Nc3 d6 4. d5 c6 5. Nf4 cxd5 6. Ncxd5 e6 7. Nxf6+ Qxf6 8. g3 Bd7 9. Bg2 Bc6 10. 0-0 Bxg2 11. Kxg2 Nc6 12. Bd2 Be7 13. c4 0-0 14. Bc3 Qf7 15. e3 g5 16. Ne2 Rad8 17. Nd4 Ne5 18. b3 a6 19. Qe2 Ng6 20. f4 Rde8 21. Kh1 gxf4 22. gxf4 Bf6 23. Bb2 Qd7 24. Rad1 Kh8 25. Nf3 Qc6 26. Bxf6+ Rxf6 27. Qb2 e5 28. fxe5 dxe5 29. Qg2 Rg8 30. Ne1 Qc8 31. Qd5 f4 32. exf4 Qg4 33. Qf3 Qxf3+ 34. Nxf3 Rxf4 35. Ng5 Rxf1+ 36. Rxf1 h6 37. Nf7+ Kg7 38. Nd6 Rd8 39. c5 Rd7 40. Rf5 Re7 41. Kg1 Nh4 42. Rh5 Nf3+ 43. Kf2 Kg6 44. Rh3 Nd4 45. Ke3 Ne6 46. Rg3+ Kf6 47. b4 a5 48. a3 axb4 49. axb4 Nc7 50. Ke4 Na6 51. Rf3+ Kg6 52. Rb3 Kf6 53. Rh3 Nxb4 54. Rxh6+ Kg5 55. Rh8 Nc6 56. Rg8+ Kf6 57. Rf8+ Kg6 58. Rg8+ Kf6 59. Rf8+ Kg6 60. h4 Rh7 61. Nf5 Rd7 62. Rh8 Rd1 63. Rh6+ Kf7 64. Rh7+ Ke6 65. Rh6+ Kf7 66. h5 Re1+ 67. Kd5 Rd1+ 68. Ke4 Re1+ 69. Ne3 Nb4 70. Kf3 Nd3 71. Rh7+ Ke6 72. Rh6+ Kf7 73. Rh7+ Kf6 74. Rxb7 e4+ 75. Kg4 Rxe3 76. c6 Nf2+ 0-1